000 00447nam a2200157 i 4500
001 42979
003 ES-MaACL
005 20230906160719.0
007 t|
008 030314s1972 sp ||||1| spa d
100 1 _aCencillo, Luis.
_937397
245 1 0 _aConflictos de la sexualidad infantil
_b: hijos frente a padres /
_cLuis Cencillo.
260 _aMadrid :
_bCissa,
_c1972.
300 _a187 p. ;
_c21 cm.
852 _aES-MaACL
_jC-47364
_bR.82305
999 _c42979
_d42979